The study skills handbook / (Record no. 27770)
[ view plain ]
| 000 -LEADER | |
|---|---|
| fixed length control field | 02510cam a22003975i 4500 |
| 001 - CONTROL NUMBER | |
| control field | 019287539 |
| 003 - CONTROL NUMBER IDENTIFIER | |
| control field | EG-ScBUE |
| 005 - DATE AND TIME OF LATEST TRANSACTION | |
| control field | 20191120100035.0 |
| 008 - FIXED-LENGTH DATA ELEMENTS--GENERAL INFORMATION | |
| fixed length control field | 190605t2019 enka f b 001 0 eng d |
| 020 ## - INTERNATIONAL STANDARD BOOK NUMBER | |
| Cancelled/invalid ISBN | 9781137610874 |
| 040 ## - CATALOGING SOURCE | |
| Original cataloging agency | UKOBU |
| Language of cataloging | eng |
| Description conventions | rda |
| Transcribing agency | UKOBU |
| Modifying agency | Uk |
| -- | EG-ScBUE |
| 082 04 - DEWEY DECIMAL CLASSIFICATION NUMBER | |
| Classification number | 378.170281 |
| Item number | COT |
| Edition number | 22 |
| 100 1# - MAIN ENTRY--PERSONAL NAME | |
| Personal name | Cottrell, Stella, |
| Relator term | author. |
| 245 14 - TITLE STATEMENT | |
| Title | The study skills handbook / |
| Statement of responsibility, etc | Stella Cottrell. |
| 250 ## - EDITION STATEMENT | |
| Edition statement | Fifth edition. |
| 264 #1 - PUBLICATION, DISTRIBUTION, ETC. (IMPRINT) | |
| Place of publication, distribution, etc | London : |
| Name of publisher, distributor, etc | Red Globe Press / Macmillan International Higher Education, |
| Date of publication, distribution, etc | 2019. |
| 264 #4 - PUBLICATION, DISTRIBUTION, ETC. (IMPRINT) | |
| Date of publication, distribution, etc | c2019 |
| 300 ## - PHYSICAL DESCRIPTION | |
| Extent | vii, 432 pages : |
| Other physical details | illustrations (chiefly colour) ; |
| Dimensions | 28 cm. |
| 336 ## - CONTENT TYPE | |
| Content type term | text |
| Content type code | txt |
| Source | rdacontent |
| 337 ## - MEDIA TYPE | |
| Media type term | unmediated |
| Media type code | n |
| Source | rdamedia |
| 338 ## - CARRIER TYPE | |
| Carrier type term | volume |
| Carrier type code | nc |
| Source | rdacarrier |
| 490 0# - SERIES STATEMENT | |
| Series statement | Macmillan study skills |
| 500 ## - GENERAL NOTE | |
| General note | Previous edition : 2013. |
| 500 ## - GENERAL NOTE | |
| General note | First published in 1999. |
| 500 ## - GENERAL NOTE | |
| General note | "Previous editions published under the imprint PALGRAVE" -- Title page verso. |
| 504 ## - BIBLIOGRAPHY, ETC. NOTE | |
| Bibliography, etc | Includes bibliographical references and index. |
| 505 0# - FORMATTED CONTENTS NOTE | |
| Formatted contents note | Introduction -- PART A: Self Efficacy: Managing Your Success as a Student -- 1. Success as a Student -- 2. Gaining the Most From Your Course -- 3. Employability and Planning Towards Your Future --4. Successful Study: Intelligence, Strategy and Personalised Learning -- 5. The C-R-E-A-M Strategy for Learning -- 6. Time Management as a Student -- 7. Managing Stress and Wellbeing -- PART B: Academic, People and Task Management Skills -- 8. Working with Others: Collaborative Study -- 9. Developing Cultural Competence -- 10. Reading and Note-Making -- 11. Researching and Managing Information for Study -- 12. Critical Thinking -- 13. Writing at University Level -- 14. Developing Your Academic Writing --15. Writing Essays --16. Managing Assignments: Projects, Reports, Case Studies and Dissertations -- 17. Devising Your Exam Strategy --18. Memory --Appendices -- Answers to Activities --References --Index. |
| 520 ## - SUMMARY, ETC. | |
| Summary, etc | Fully revised for the fifth edition, it contains everything students need to succeed.This is an invaluable resource for undergraduate students of all disciplines, and is also ideal for postgraduates.<br/><br/> |
| 588 0# - SOURCE OF DESCRIPTION NOTE | |
| Source of description note | Print version record. |
| 650 #7 - SUBJECT ADDED ENTRY--TOPICAL TERM | |
| Topical term or geographic name as entry element | Study skills |
| Form subdivision | Handbooks, manuals, etc. |
| Source of heading or term | BUEsh |
| 9 (RLIN) | 4924 |
| 650 #7 - SUBJECT ADDED ENTRY--TOPICAL TERM | |
| Topical term or geographic name as entry element | Research |
| Form subdivision | Handbooks, manuals, etc. |
| Source of heading or term | BUEsh |
| 9 (RLIN) | 37911 |
| 650 #7 - SUBJECT ADDED ENTRY--TOPICAL TERM | |
| Topical term or geographic name as entry element | Test-taking skills |
| Form subdivision | Handbooks, manuals, etc. |
| Source of heading or term | BUEsh |
| 653 ## - INDEX TERM--UNCONTROLLED | |
| Resource For college | Humanities: English |
| Arrived date list | November2019 |
| BestSellers | Best Sellers |
| 655 ## - INDEX TERM--GENRE/FORM | |
| Form subdivision | Reading book |
| 942 ## - ADDED ENTRY ELEMENTS (KOHA) | |
| Source of classification or shelving scheme | Dewey Decimal Classification |
| Koha item type | Book - Borrowing |
| Withdrawn status | Lost status | Source of classification or shelving scheme | Damaged status | Not for loan | Collection code | Home library | Current library | Shelving location | Date acquired | Source of acquisition | Cost, normal purchase price | Total Checkouts | Total Renewals | Full call number | Barcode | Date last seen | Date checked out | Cost, replacement price | Price effective from | Koha item type |
|---|---|---|---|---|---|---|---|---|---|---|---|---|---|---|---|---|---|---|---|---|
| Dewey Decimal Classification | Baccah | Central Library | Central Library | First floor | 20/11/2019 | Purchase | 350.00 | 2 | 6 | 378.170281 COT | 000048355 | 02/02/2026 | 16/12/2025 | 437.50 | 20/11/2019 | Book - Borrowing |